书目信息 |
| 题名: |
自在的游鱼
|
|
| 作者: | 赵丽云 编著 | |
| 分册: | ||
| 出版信息: | 广州 广州出版社 1997 |
|
| 页数: | 124页 | |
| 开本: | 19cm | |
| 丛书名: | 百科世界知识丛书 | |
| 单 册: | ||
| 中图分类: | Q959.4-49 , Q959.4 | |
| 科图分类: | 59.1912059 | |
| 主题词: | 鱼类学--青年读物 | |
| 电子资源: | ||
| ISBN: | 7-80592-706-5 | |
| 000 | 00793nam2 2200301 450 | |
| 001 | 073000001880 | |
| 005 | 20091028094110.98 | |
| 009 | 0198050332 | |
| 010 | @a7-80592-706-5@dCNY8.15 | |
| 100 | @a20040224d am y0chiy0121 ea | |
| 101 | 0 | @achi |
| 102 | @aCN@b440000 | |
| 105 | @ay z 000yy | |
| 200 | 10 | @a自在的游鱼@Azi zai de you yu@f赵丽云编著 |
| 210 | @a广州@c广州出版社@d1997 | |
| 215 | @a124页@d19cm | |
| 225 | 2 | @a百科世界知识丛书 |
| 300 | 2 | @a@h第二辑@v28 |
| 410 | 0 | @120010@a百科世界丛书 |
| 410 | 0 | @12001 @a百科世界知识丛书 |
| 606 | @a鱼类学@x青年读物 | |
| 690 | @aQ959.4-49@v3 | |
| 690 | @aQ959.4@v4 | |
| 692 | @a59.1912059@v2 | |
| 701 | 0 | @a赵丽云@Azhao li yun@4编著 |
| 801 | 2 | @aCN@bHX@c20091028 |
| 905 | @aBZT@dQ959.4@e1 | |
| 906 | @dCNY92(全辑)@n0@r1 | |
| 自在的游鱼/赵丽云编著.-广州:广州出版社,1997 |
| 124页;19cm.-(百科世界知识丛书) |
| ISBN 7-80592-706-5:CNY8.15 |
| ● |
| 相关链接 |
|
|
|
正题名:自在的游鱼
索取号:Q959.4/1
 
预约/预借
| 序号 | 登录号 | 条形码 | 馆藏地/架位号 | 状态 | 备注 |
| 1 | 419884 | 210496934 | 中心书库中库/ 中库043架A面1列5层75/ [索取号:Q959.4/1] | 在馆 | |
| 2 | 419885 | 210496916 | 中心书库中库/ 中库043架A面1列5层74/ [索取号:Q959.4/1] | 在馆 | |
| 3 | 419886 | 210496907 | 中心书库中库/ 中库043架A面1列5层67/ [索取号:Q959.4/1] | 在馆 | |
| 4 | 419887 | 210496890 | 中心书库中库/ 中库043架A面1列5层76/ [索取号:Q959.4/1] | 在馆 | |
| 5 | 419888 | 210496881 | 中心书库中库/ 中库043架A面1列5层69/ [索取号:Q959.4/1] | 在馆 | |
| 6 | 419889 | 210496872 | 中心书库中库/ 中库043架A面1列5层68/ [索取号:Q959.4/1] | 在馆 | |
| 7 | 419890 | 210496863 | 中心书库中库/ 中库043架A面1列5层72/ [索取号:Q959.4/1] | 在馆 | |
| 8 | 419891 | 210496854 | 中心书库中库/ 中库043架A面1列5层70/ [索取号:Q959.4/1] | 在馆 | |
| 9 | 419892 | 210496845 | 中心书库中库/ 中库043架A面1列5层71/ [索取号:Q959.4/1] | 在馆 | |
| 10 | 419893 | 210496836 | 中心书库中库/ 中库043架A面1列5层73/ [索取号:Q959.4/1] | 在馆 |